ბათუმის შოთა რუსთაველის სახელმწიფო უნივერსიტეტის ბიბლიოთეკა

Total English. Students book (CD) (ბიბ.ჩანაწერი № 50410)

000 -LEADER
fixed length control field 00436nam a2200193Ia 4500
001 - CONTROL NUMBER
control field 17354
003 - CONTROL NUMBER IDENTIFIER
control field GE_BSU
008 - FIXED-LENGTH DATA ELEMENTS--GENERAL INFORMATION
fixed length control field 181216s||||||||xx |||||||||||||| ||und||
020 ## - INTERNATIONAL STANDARD BOOK NUMBER
International Standard Book Number 9781405815642
040 ## - CATALOGING SOURCE
Transcribing agency GE_BSU
080 ## - UNIVERSAL DECIMAL CLASSIFICATION NUMBER
Universal Decimal Classification number 811.111
100 ## - MAIN ENTRY--PERSONAL NAME
Personal name Acklam,Richard. Aramiota,Crace
245 ## - TITLE STATEMENT
Title Total English. Students book (CD)
260 ## - PUBLICATION, DISTRIBUTION, ETC.
Date of publication, distribution, etc. 2009
300 ## - PHYSICAL DESCRIPTION
Extent 176p.
653 ## - INDEX TERM--UNCONTROLLED
Uncontrolled term Total English.
942 ## - ADDED ENTRY ELEMENTS (KOHA)
Koha item type წიგნი
ეგზემპლარები
Withdrawn status Lost status Damaged status Not for loan Date acquired Barcode Date last seen Price effective from Koha item type
        2018-12-17 1387 2018-12-17 2018-12-17 წიგნი